Apartmány Technik

Gespeichert in:
Bibliographische Detailangaben
1. Verfasser: Vaňura, Ján (Verfasst von)
Weitere Verfasser: Pauliny, Pavol (Betreuung Doktorarbeit)
Format: Manuskript Buch
Sprache:Slowakisch
Veröffentlicht: Bratislava 2015
Schlagworte:
Online-Zugang:http://is.stuba.sk/zp/portal_zp.pl?podrobnosti=94189
Tags: Tag hinzufügen
Keine Tags, Fügen Sie das erste Tag hinzu!

MARC

LEADER 00000ntm a22000003a 4500
001 stuzp52754
003 SK-STU
005 20210226065628.9
007 ta
008 150427s2015----xo-----f-mn---000-0-slo-d
040 |a STU  |b slo 
041 0 |a slo 
100 1 |a Vaňura, Ján  |u 053130  |4 aut  |U FAD Fakulta architektúry  |T FA Ústav dejín a teórie architektúry a obnovy pamiatok  |X 62209  |U A3130  |Y 394  |7 62209 
242 0 1 |a Technical Apartments  |y eng 
245 1 0 |a Apartmány Technik 
260 |c 2015  |a Bratislava 
650 4 |a študent  |2 slo 
650 4 |a ubytovanie  |2 slo 
650 4 |a campus  |2 slo 
650 4 |a student  |2 eng 
650 4 |a accomodation  |2 eng 
650 4 |a campus  |2 eng 
700 1 |a Pauliny, Pavol  |4 ths  |X 474  |7 474 
856 4 |u http://is.stuba.sk/zp/portal_zp.pl?podrobnosti=94189  |u https://opac.crzp.sk/?fn=detailBiblioForm&sid=367CD704F5D5570C77E0F7DE3652 
SQL |a stuzp52754  |b DBP  |c SLO  |d Apartmány Technik  |e 62209  |f Vaňura, Ján  |g 053130  |h 474  |i Pauliny, Pavol  |j 20150612  |k 149  |l 05  |m http://is.stuba.sk/zp/portal_zp.pl?podrobnosti=94189  |n B-AU  |o 5.1.1. architektúra a urbanizmus